1579 1103 1627 1320 1298 1937 1664 1563 1060 1220 1305 1973 1704 1254 1449 1603 1676 1081 1229 1135 1737 1035 1634 1834 1970 1186 1543 1525 1352 1824 1644 1830 1133 1621 1312 1890 1829 1450 1523 1156 1337 1767 1501 1125 1070 1655 1376 1033 1395 1871 1411 1758 1685 1702 1491 1700 1200 1708 1758 1555 1783 1542 1694 1667 1230 1798 1298 1882 1763 1190 1441 1082 1357 1342 1625 1943 1106 1566 1060 1890 1772 1934 1242 1052 1398 1259 1134 1479 1132 1606 1719 1164 1033 1625 1964 1386 1202 1805 1134 BCNSPRNW ULIB Ver.6.0+V

เปลี่ยนเป็นภาษาไทย

Change to English
 แสดงรายละเอียดบรรณานุกรม
  กลับหน้าหลัก

Brief Record : Get Marc (ISO 2709) : E-mail record : QR code < ปิดหน้าต่าง
LEADER : 00000nam 2200000uu 4500
001    13399114329
003     ULIB
008    120321s||||||||th 000 0 tha d
020    ^a9789749900734
050  4 ^aBF128.T35^bจ536จ
245 00 ^aจิตวิทยาทั่วไป /^cคณะผู้เขียน, จิราภา เต็งไตรรัตน์ ...[และคนอื่นๆ]
250    ^aพิมพ์ครั้งที่ 6 แก้ไขเพิ่มเติม
260    ^aกรุงเทพฯ :^bภาควิชาจิตวิทยา คณะศิลปศาสตร์มหาวิทยาลัยธรรมศาสตร์,^c2552
300    ^a(14), 364 หน้า :^bภาพประกอบ ;^c26 ซม.
650  7 ^aการปรับตัว
650  7 ^aจิตวิทยา
650  7 ^aบุคลิกภาพ
650  7 ^aอารมณ์^xจิตวิทยา
700 0  ^aจิราภา เต็งไตรรัตน์
710 2  ^aมหาวิทยาลัยธรรมศาสตร์. ^bคณะศิลปศาสตร์. ^bภาควิชาจิตวิทยา
945    ^p370^l0^i031405
995    ^aทศพร
999 ^a ทศพร
รายการนี้ยังไม่มีแท็ก
คุณยังไม่ได้ล็อกอิน คุณสามารถมีกิจกรรมร่วมกับเว็บไซต์ได้ แต่ต้องล็อกอินก่อน ::
  ล็อกอิน

รายการสื่อสารสนเทศ

ลำดับที่ ประเภท เลขเรียก/บาร์โค้ด สถานที่ สถานะ
- ไม่พบข้อมูล -

รายการใกล้เคียง
    หัวเรื่อง [การปรับตัว]
    หัวเรื่อง [จิตวิทยา]
    หัวเรื่อง [บุคลิกภาพ]

BibComment


ยังไม่เคยถูกคอมเมนท์

คอมเมนท์ทรัพยากรรายการนี้
  คอมเมนท์: จิตวิทยาทั่วไป ..


 Copyright 2026. Bcnsprnw @Library